| 000 | 00759nam a2200253 i 4500 | ||
|---|---|---|---|
| 001 | 15835 | ||
| 003 | ES-MaACL | ||
| 005 | 20230906151151.0 | ||
| 007 | t| | ||
| 008 | 000508s1998 sp ||||0| spa j | ||
| 020 | _a84-88006-42-X | ||
| 040 |
_aM-BN _bspa _cM-BN |
||
| 080 | _a75 Mariano (064.3) | ||
| 100 | 1 |
_aMariano. _976682 |
|
| 245 | 1 | 0 |
_aMariano _b: [exposición]. |
| 260 |
_a[Madrid] : _bCentro Cultural del Conde Duque, _c[1998] |
||
| 300 |
_a152 p : _bil. col. y n ; _c23 x 20 cm. |
||
| 600 | 1 | 4 |
_aMariano- _vExposiciones. _976683 |
| 655 | 7 |
_2tgfbne _9193628 _aCatálogos de exposiciones |
|
| 710 | 2 |
_aCentro Cultural del Conde Duque. _92579 |
|
| 852 |
_aES-MaACL _jL-22933 _bR.126850 |
||
| 942 | _2udc | ||
| 999 |
_c15835 _d15835 |
||